| 000 | 00437nam a2200169Ia 4500 | ||
|---|---|---|---|
| 003 | LK-CoDNM | ||
| 008 | t1792 A.C. xxu||||| |||| 00| 0 sin d | ||
| 040 |
_aLK-CoDNM _dLK-CoDNM _eLK-CoDNM |
||
| 080 | _a6.G.8 | ||
| 041 |
_asin _a |
||
| 245 | _aDevidat Katha Kavya | ||
| 260 | _c1792 A.C. | ||
| 300 | _aPalm leaf, Foll 53 ,151/2in.x 13/4in. | ||
| 500 | _aStory of Devadatta in Sinhalese verse | ||
| 650 | _aDevidat | ||
| 942 | _cPL | ||
| 999 |
_c79610 _d79610 |
||